[Event "CAN-ch U14"]
[Site "Quebec"]
[Date "2008.07.16"]
[Round "7"]
[White "Dawson, Michael"]
[Black "Wang, Jerry ZS"]
[Result "0-1"]
[WhiteElo "1596"]
[BlackElo "1874"]
[PlyCount "136"]
[EventDate "2008.07.14"]
[EventType "swiss"]
[EventRounds "7"]
[EventCountry "CAN"]
[SourceTitle "EXT 2011"]
[Source "ChessBase"]
[SourceDate "2010.11.26"]
[SourceVersion "1"]
[SourceVersionDate "2010.11.26"]
[SourceQuality "1"]

1. d4 Nf6 2. c4 g6 3. Nc3 Bg7 4. e4 d6 5. Nf3 0-0 6. Be3 Ng4 7. Bd2 e5 8. d5 a5 9. h3 Nh6 10. Qc1 f5 11. Bxh6 Bxh6 12. Qxh6 f4 13. Ng5 Qe7 14. Qh4 Rf7 15. Nf3 Qf8 16. Nd2 Na6 17. f3 Nb4 18. 0-0-0 c6 19. a3 Na6 20. Na4 b5 21. cxb5 cxb5 22. Bxb5 Rb8 23. Bd3 Qe8 24. Nc3 Nc5 25. Nc4 Qd7 26. Nxa5 Nb3+ 27. Nxb3 Rxb3 28. Qf2 Qb7 29. Qc2 Rc7 30. Ba6 Qb6 31. Bxc8 Rxc8 32. Rhe1 Qb8 33. Rd3 Rc7 34. Kb1 Rxa3 35. Kc1 Ra1+ 36. Kd2 Ra2 37. Rb1 Qb6 38. Ke2 Kg7 39. Qd2 Ra8 40. Qe1 Rac8 41. Kf1 h5 42. Rdd1 g5 43. Rdc1 Kg6 44. Qf2 Qb7 45. Ne2 g4 46. Rxc7 Rxc7 47. Rc1 Rg7 48. Rc6 Qxb2 49. Rxd6+ Kh7 50. Re6 Kh8 51. Nc1 Qb5+ 52. Qe2 Qb4 53. Qe1 Qb5+ 54. Ne2 gxf3 55. gxf3 Rg3 56. Rh6+ Kg7 57. Rxh5 Rxf3+ 58. Kg2 Re3 59. Rg5+ Kf6 60. Rf5+ Kg6 61. Qg1 Qxe2+ 62. Kh1+ Rg3 63. Qb6+ Kh7 64. Rh5+ Qxh5 65. Qc7+ Rg7 66. Qc2 Qf3+ 67. Kh2 Qg3+ 68. Kh1 Qg1# 0-1

[Event "Scarborough CC-ch reserves"]
[Site "Toronto"]
[Date "2008.02.21"]
[Round "8"]
[White "Wang, Jerry ZS"]
[Black "Paterson, Jim"]
[Result "1/2-1/2"]
[WhiteElo "1705"]
[BlackElo "1821"]
[PlyCount "94"]
[EventDate "2008.01.03"]
[EventType "swiss"]
[EventRounds "10"]
[EventCountry "CAN"]
[SourceTitle "EXT 2011"]
[Source "ChessBase"]
[SourceDate "2010.11.26"]
[SourceVersion "1"]
[SourceVersionDate "2010.11.26"]
[SourceQuality "1"]

1. e4 c5 2. Nf3 Nc6 3. d4 cxd4 4. Nxd4 Nf6 5. Nc3 d6 6. f3 a6 7. Be3 e6 8. g4 Be7 9. Qd2 Bd7 10. g5 Nxd4 11. Qxd4 Nh5 12. Qd2 h6 13. gxh6 Bh4+ 14. Ke2 Bf6 15. Re1 g5 16. Kd1 Bc6 17. Rg1 Rxh6 18. Bxg5 Bxg5 19. Qxg5 Qxg5 20. Rxg5 Nf6 21. Re2 0-0-0 22. Rg7 Rf8 23. Rd2 Ne8 24. Rgg2 f5 25. Bd3 Rh3 26. Rg3 Rxg3 27. hxg3 Rg8 28. exf5 Bxf3+ 29. Ke1 exf5 30. Bxf5+ Kc7 31. Kf2 Bc6 32. Nd5+ Bxd5 33. Rxd5 Rf8 34. g4 Nf6 35. Rd4 Nxg4+ 36. Rxg4 Rxf5+ 37. Ke3 Rb5 38. b3 Ra5 39. a4 Rc5 40. Kd3 a5 41. Rc4 b6 42. Kd4 Kc6 43. Rxc5+ bxc5+ 44. Kc4 d5+ 45. Kd3 Kd6 46. Kc3 Ke5 47. Kd3 Kd6 1/2-1/2

[Event "Scarborough CC Fall Swiss U1700"]
[Site "Toronto"]
[Date "2007.11.08"]
[Round "2"]
[White "Wu, Kevin"]
[Black "Wang, Jerry ZS"]
[Result "0-1"]
[WhiteElo "1517"]
[BlackElo "1733"]
[PlyCount "125"]
[EventDate "2007.11.01"]
[EventType "swiss"]
[EventRounds "8"]
[EventCountry "CAN"]
[SourceTitle "EXT 2022"]
[Source "ChessBase"]
[SourceDate "2021.10.06"]
[SourceVersion "1"]
[SourceVersionDate "2021.10.06"]
[SourceQuality "1"]

1. e4 e5 2. Nf3 Nc6 3. Bb5 a6 4. Ba4 Nf6 5. 0-0 Be7 6. Re1 b5 7. Bb3 d6 8. h3 Na5 9. c3 Nxb3 10. Qxb3 Bb7 11. Qc2 c5 12. d4 cxd4 13. cxd4 Rc8 14. Qd1 exd4 15. Nxd4 Bxe4 16. Bg5 Bg6 17. Qe2 Nd5 18. Nc3 Nxc3 19. bxc3 f6 20. Ne6 Qd7 21. Bd2 Rg8 22. Nf4 Bf7 23. Qf3 Qc6 24. Qg4 Qd7 25. Ne6 Bxe6 26. Rxe6 Rc4 27. Qe2 Kf7 28. Re1 Re8 29. Qh5+ Kg8 30. g3 Rc5 31. Qg4 Re5 32. R1xe5 dxe5 33. Bh6 Bf8 34. Rxe8 Qxe8 35. Be3 Qf7 36. Qe2 Qc4 37. Qxc4+ bxc4 38. Kg2 Kf7 39. g4 g6 40. Bc1 Ke6 41. Kf3 Kd5 42. Ke2 Bg7 43. Bd2 h5 44. gxh5 gxh5 45. Be3 f5 46. Kd2 f4 47. Bb6 f3 48. Ke3 e4 49. Kd2 Bh6+ 50. Kd1 Ke5 51. Bd4+ Kf5 52. Bc5 Bg7 53. Kc2 Bf6 54. Bd6 Bg5 55. Bc5 Bh4 56. Bb6 Bf6 57. Kd2 Bg5+ 58. Ke1 Bf6 59. Kd2 Kg5 60. Ba5 Kh4 61. Ke3 Kxh3 62. Kxe4 Kg2 63. Kf5 0-1

[Event "Toronto Howard Ridout Swiss U1700"]
[Site "Toronto"]
[Date "2007.10.18"]
[Round "6"]
[White "Jizan, Masoud"]
[Black "Wang, Jerry ZS"]
[Result "0-1"]
[WhiteElo "1596"]
[BlackElo "1650"]
[PlyCount "108"]
[EventDate "2007.09.13"]
[EventType "swiss"]
[EventRounds "7"]
[EventCountry "CAN"]
[SourceTitle "EXT 2022"]
[Source "ChessBase"]
[SourceDate "2021.10.06"]
[SourceVersion "1"]
[SourceVersionDate "2021.10.06"]
[SourceQuality "1"]

1. e4 e5 2. f4 exf4 3. Nf3 d5 4. exd5 Nf6 5. Bc4 Nxd5 6. 0-0 Be7 7. Qe2 Nb6 8. Bxf7+ Kxf7 9. Ne5+ Ke8 10. Qh5+ g6 11. Nxg6 hxg6 12. Qxh8+ Kd7 13. Qd4+ Ke8 14. Qxf4 Bf5 15. Nc3 Bxc2 16. d4 Qd6 17. Qf7+ Kd7 18. Bg5 Nc6 19. Rae1 Re8 20. Rf2 Bd3 21. Bf4 Qf6 22. Qxf6 Bxf6 23. Rxe8 Kxe8 24. Kh1 Bxd4 25. Rf3 Bf5 26. Bxc7 Nc4 27. b3 N4e5 28. Rf1 Bxc3 29. h4 Kd7 30. Bxe5 Nxe5 31. h5 Bd3 32. Rc1 Bb2 33. Rd1 gxh5 34. Kh2 Kc6 35. Kg3 Be2 36. Rd2 Bg4 37. Rxb2 Kb5 38. a3 Nd3 39. Rc2 Nc5 40. Rc4 Be6 41. a4+ Kb6 42. Rb4+ Kc6 43. Kh4 Bxb3 44. Kxh5 Bxa4 45. g4 Bb3 46. Rxb3 Nxb3 47. g5 Nd4 48. g6 Ne6 49. Kg4 a5 50. Kf5 Kd6 51. Ke4 b5 52. Kd3 a4 53. Kc3 Ke7 54. Kb4 Kf6 0-1

[Event "CAN-ch U14"]
[Site "Ottawa"]
[Date "2007.07.05"]
[Round "5"]
[White "Keith Jacques, Liam"]
[Black "Wang, Jerry ZS"]
[Result "1-0"]
[WhiteElo "1982"]
[BlackElo "1577"]
[PlyCount "83"]
[EventDate "2007.07.03"]
[EventType "swiss"]
[EventRounds "7"]
[EventCountry "CAN"]
[SourceTitle "EXT 2022"]
[Source "ChessBase"]
[SourceDate "2021.10.06"]
[SourceVersion "1"]
[SourceVersionDate "2021.10.06"]
[SourceQuality "1"]

1. e4 e5 2. Nf3 Nc6 3. Bb5 a6 4. Ba4 Nf6 5. 0-0 Be7 6. Re1 b5 7. Bb3 d6 8. c3 0-0 9. h3 Na5 10. Bc2 c5 11. d4 Qc7 12. Nbd2 g6 13. Nf1 Nh5 14. Bh6 Re8 15. Ne3 Be6 16. d5 Bc8 17. g4 Nf6 18. Nf1 Nc4 19. Qc1 Bf8 20. Bxf8 Rxf8 21. b3 Nb6 22. Ng3 Kg7 23. Nh4 Ng8 24. Kh2 Qe7 25. Ng2 Nh6 26. Ne3 Qh4 27. f3 Rg8 28. Ng2 Qe7 29. g5 Qd7 30. gxh6+ Kf8 31. Kg1 f5 32. exf5 gxf5 33. Bxf5 Qf7 34. Bxc8 Rxc8 35. Ne4 Qxf3 36. Qd2 Ke7 37. Qe2 Qxh3 38. Nxd6 Kd7 39. Nxc8 Kxc8 40. Rad1 Rg6 41. d6 Rxh6 42. Qxe5 1-0